000 00566nam a2200181 a 4500
001 000016511
005 20240715140508.0
008 100305s1997 dr a 000 0 spa d
040 _aDO-SdBNP
_bspa
_cBNPHU
082 _axxx
_bA636p
245 0 0 _aAnuario pedagógico 1 /
_cedición Raymundo González.
260 _aSanto Domingo :
_bCentro Cultural Poveda,
_c1997.
300 _a176 p. :
_bil. ;
_c25 cm.
500 _aIncluye notas al pie de páginas
504 _aIncluye bibliografías [p. 140-141]
700 _aGonzález, Raymundo
_eed.
_96373
049 _aBNPD
999 _c16045
_d16045